[Event "Vila de Poblenou op"]
[Site "Barcelona"]
[Date "2001.08.16"]
[Round "1.13"]
[White "Lopez Agustench, Eduard"]
[Black "Fernandez Cuenca, Carlos"]
[Result "1-0"]
[WhiteElo "2256"]
[BlackElo "1945"]
[PlyCount "31"]
[EventDate "2001.08.16"]
[EventType "swiss"]
[EventRounds "9"]
[EventCountry "ESP"]
[SourceTitle "EXT 2002"]
[Source "ChessBase"]
[SourceDate "2001.11.25"]
[SourceVersion "1"]
[SourceVersionDate "2001.11.25"]
[SourceQuality "1"]

1. d4 Nf6 2. Nf3 g6 3. Nc3 Bg7 4. e4 d6 5. Be3 0-0 6. Qd2 c6 7. Bh6 b5 8. Bd3 a5 9. Ne2 Re8 10. Bxg7 Kxg7 11. e5 Nd5 12. Ng3 Nb4 13. h4 h5 14. Nxh5+ gxh5 15. Qg5+ Kf8 16. Qh6+ 1-0